000 00523nam a2200193Ia 4500
005 20260429112200.0
008 260429s9999||||xx |||||||||||||| ||und||
020 _a9788126569182
041 _aEnglish
082 _a332.0285
_bFAI
100 _aFairhurst, Danielle Stein
245 0 _aFinancial modeling in excel for dummies /
_cDanielle Stein Fairhurst
250 _a1st ed.
260 _aNew Delhi :
_bWiley,
_c2023.
300 _axi, 314 p.; pbk
650 _a Excel
650 _aFinance modeling
942 _cTB
999 _c52764
_d52764